LIBRARY & INFORMATION CENTRE, KCAET, TAVANUR

ONLINE PUBLIC ACCESS CATALOGUE (OPAC)

Hindi-sahitya our uski pragathi / (Record no. 12112)

MARC details
000 -LEADER
fixed length control field 00437cam a2200169ua 4500
041 ## - LANGUAGE CODE
Language code of text/sound track or separate title hin
082 ## - DEWEY DECIMAL CLASSIFICATION NUMBER
Classification number 891.54
Item number VIJ/HI
100 ## - MAIN ENTRY--AUTHOR NAME
Personal name Vijayendra, Snathak .
245 ## - TITLE STATEMENT
Title Hindi-sahitya our uski pragathi /
250 ## - EDITION STATEMENT
Edition statement 1 /
260 ## - PUBLICATION, DISTRIBUTION, ETC. (IMPRINT)
Place of publication :
Name of publisher Atmaram and sons ,
Year of publication 1952.
300 ## - PHYSICAL DESCRIPTION
Number of Pages 220 ; .
700 1# - ADDED ENTRY--PERSONAL NAME
Personal name Shema Chandra, Suman .
942 ## - ADDED ENTRY ELEMENTS (KOHA)
Koha item type Books
Holdings
Withdrawn status Lost status Damaged status Home library Current library Date acquired Full call number Accession Number Koha item type
Withdrawn     KAUAET Sanskrit University 07/04/2012 891.54 9705 Books
free website counter